Регионална библиотека "Любен Каравелов" - Русе

Разпръснати слънца (Запис номер 68283)

MARC детайли
000 -Лидер
Контролно поле с фиксирана дължина 01439nam a2200337 c 4500
003 - Код на организацията, давaща контролен номер
Контролно поле BLK
005 - Дата и час на последна редакция
Контролно поле 20190610093756.0
008 - Елементи от данни с фиксирана дължина
fixed length control field 180408b bul|||||r ||||||| ||bul||
010 ## - Наследен системен номер
LC control number KNG00072602000
020 ## - Международен стандартен номер на книга ISBN
Международен стандартен номер на книга ISBN 978-954-585-760-7
-- издат.: Бард
040 ## - Източник на каталожния запис
Идентификатор на билиотеката - собственик на записа BLK
041 ## - Код за език
Код за езика на текст/звукозапис или на отделно заглавие Български
Код за езика КДБФ Български
080 ## - УДК
Текстов определител УДК Американска литература (на САЩ)
УДК код - определител по УДК 821.111(73)
УДК определител -312.9
УДК - код + определител 821.111(73)-312.9
100 1# - Редна дума - Автор
Автор Андерсън, Кевин Дж.
Авторска отговорност първи автор
R(LIN) 366678
139 ## - Редно поле
Редна дума Андерсън, Кевин Дж.
Авторски знак Анд - А 65
245 10 - Сведения за заглавието
Заглавие Разпръснати слънца
Подзаглавни данни Роман
Редно поле (дума) Кевин Дж. Андерсън; прев. Юлиян Стойнов.
257 ## - Страна на издаване
Страна на създаване/издаване Съединени американски щати
260 ## - Област на издателските данни
-- София
Име на издателя, разпространителя и проч. Бард
Година на издаване 2007
300 ## - Физическа характеристика
Страници 592 с.
Размери/Мащаб 20 см
380 ## - Жанр
Жанр Худож. лит.
490 1# - СЕРИИ (Колекции)
Име на серия Избрана световна фантастика
№: серия 136
500 ## - Общи забележки
Забележка Ориг. загл. The Saga of Seven Suns. B. 4. Scattered Suns / Kevin J. Anderson. - Офс. изд. - Съдържа и Речник на действащите лица и използваните термини. Кн. 4 от Сага за седемте слънца.
653 ## - Ключова дума – ненормативна
Ключова дума фантастика
653 ## - Ключова дума – ненормативна
Ключова дума романи
700 1# - Други автори (авторска отговорност)
Лично име Стойнов, Юлиян
Автороска отговорност (Описва отношението между автора и произведението) прев.
9 (RLIN) 363374
852 ## - Местоположение
Форматна сигнатура Цб 214162
856 4# - Електронен адрес и достъп
Електронен формат pdf - файл
Път до файла /url/
856 4# - Електронен адрес и достъп
Електронен формат pdf - файл
Път до файла /url/
942 ## - АРТИКУЛИ
Вид на библиотечния материал Книги
Скрит в OPAC Не
Koha issues (borrowed), all copies 1
944 ## - СЪЗДАВАНЕ И РЕДАКЦИЯ на ЗАПИСА
Създаване/Редакция Създаване
Дата на регистрацията/редакция 08.03.2007
Служител, извършил регистрацията/редакцията Геновева_Генчева
944 ## - СЪЗДАВАНЕ И РЕДАКЦИЯ на ЗАПИСА
Създаване/Редакция Редакция
Дата на регистрацията/редакция 12.12.2007
Служител, извършил регистрацията/редакцията
999 ## - СИСТЕМНИ КОНТРОЛНИ НОМЕРА
Koha biblionumber 68283
Koha biblioitemnumber 68283
Наличности
Код за отписване Код за изгубен артикул Код за повреда Коз за рестрикции Код за отдаване Артикулен № Име на библиотеката - собственик Име на библиотеката, в която се намира в момента Статус (Текущо местоположение) Дата на вписване в системата Местоположение - отдел Цена в лева Инвентарен номер Систематично азбучна сигнатура Баркод Номер на екземпляра Цена в евро Служебна бележка Служебен тип на артикула
  Не е изгубен Не е повреден без рестрикции заемане за дома 112375 Регионална библиотека "Любен Каравелов" Русе Регионална библиотека "Любен Каравелов" Русе Заемна - подръчен фонд 2007-03-08 Заемна - подръчен фонд 12.99 120000710782 П 820(73)-31/А 65 120000710782 1 6.64 Дост: Pk Вид: Ф N: 8 Дата: 08.03.2007 Дата инв: 14.02.2018 Бележки инв: П2018 Книги
  Не е изгубен Не е повреден без рестрикции ползва се в читалня 112376 Регионална библиотека "Любен Каравелов" Русе Регионална библиотека "Любен Каравелов" Русе Хранилище 2007-11-28 Хранилище 12.99 120000720482 Цб 214162 120000720482 2 6.64 Дост: Dp Вид: Д N: 36 Дата: 16.08.2007 Книги
Vip Innovations Ltd, Rousse, Bulgaria 2025